Estonia as a Little Giant in the Field of E-government

Rozbor hlavných míľnikov vo vývoji a rozvoji estónskeho e-governmentu, ktorý sa začal vytvorením národnej platformy na výmenu údajov X-Road na prepojenie všetkých systémov verejných a súkromných informácií. Táto platforma uľahčila vývoj mnohých online verejných aplikácií, vrátane digitálnych identif...

Descrizione completa

Salvato in:
Dettagli Bibliografici
Autore principale: Žákovec, Luděk
Natura: Capitolo di libro
Lingua:inglese
Soggetti:
Tags: Aggiungi Tag
Nessun Tag, puoi essere il primo ad aggiungerne!!

MARC

LEADER 00000naa a2200000 4500
001 0304534
005 20241010151434.3
041 0 |a eng 
044 |a SK 
245 1 0 |a Estonia as a Little Giant in the Field of E-government  |c Luděk Žákovec 
520 |a Rozbor hlavných míľnikov vo vývoji a rozvoji estónskeho e-governmentu, ktorý sa začal vytvorením národnej platformy na výmenu údajov X-Road na prepojenie všetkých systémov verejných a súkromných informácií. Táto platforma uľahčila vývoj mnohých online verejných aplikácií, vrátane digitálnych identifikačných kariet a digitálnych podpisov, online hlasovania, systému online národnej zdravotnej starostlivosti, e-pobytu a veľvyslanectiev digitálnych údajov a urobila z Estónska svetového priekopníka vo vytvorení digitálnej infraštruktúry elektronickej verejnej správy. 
610 2 0 |a vláda 
610 2 0 |a elektrotechnika 
610 2 0 |a Estónsko 
610 2 0 |a digitalizácia 
610 2 0 |a politika 
610 2 0 |a informácie 
610 2 0 |a služby verejné 
100 1 |a Žákovec, Luděk